Dīwān Abī al-Aswad al-Duʼalī.

محفوظ في:

المؤلف الرئيسي: Abū al-Aswad al-Duʼalī, -688 (مؤلف)

التنسيق: كتاب

اللغة: Arabic

سلاسل: Nafa'is al-Makhtutat ; 2.

الموضوعات:

الوسوم: إضافة وسم

لا توجد وسوم, كن أول من يضع وسما على هذه التسجيلة!

رقم الطلب: PJ7698 .A23 A6

LEADER 01002nam a2200253Ia 4500
005 20200201220809.0
008 130303s1954 iq g 000 0 ara d
952 |0 0  |1 0  |2 lcc  |4 0  |7 1  |9 28860  |a ARCE  |b ARCE  |d 2022-01-25  |l 0  |r 2022-01-25 00:00:00  |w 2022-01-25  |y BK 
999 |c 26925  |d 26925 
050 1 4 |a PJ7698   |b .A23 A6 
100 0 |6 880-01  |a Abū al-Aswad al-Duʼalī,  |d -688,  |e author. 
245 1 0 |6 880-02  |a Dīwān Abī al-Aswad al-Duʼalī. 
264 1 |a [Baghdad :  |b Matba'at al-Ma'arif],  |c 1954. 
300 |a 95 pages ;  |c 25 cm 
336 |a text  |b txt  |2 rdacontent 
337 |a unmediated  |b n  |2 rdamedia 
338 |a volume  |b nc  |2 rdacarrier 
490 1 |a Nafa'is al-Makhtutat ;  |v 2 
600 0 0 |a Abū al-Aswad al-Duʼalī,  |d -688.  |t Diwan. 
650 0 |a Arabic poetry  |y 622-750. 
830 0 |a Nafa'is al-Makhtutat ;  |v 2. 
880 0 |6 100-01/(3/r  |a أبو الأسود الدؤلي،‪‪‪‪‪‪‪‪  |d -688. 
880 1 0 |6 245-02/(3/r  |a ديوان أبى الأسود الدؤلى.‪‪‪‪‪‪‪‪ 
942 |c BK